[Event "CHARITY TOURNIMENT"]
[Site "SchemingMind.com"]
[Date "2007.05.12"]
[Round "-"]
[White "Mariazb"]
[Black "Lee Shuck"]
[Result "1-0"]
[WhiteCountry "ARG"]
[BlackCountry "ENG"]
[WhiteElo "2361"]
[WhiteRD "72"]
[BlackElo "1498"]
[BlackRD "64"]
[GameID "104056"]

1. e4 e5 2. Nf3 Nc6 3. Bb5 a6 4. Ba4 Nf6 5. O-O Nxe4 6. d4 exd4 7. Re1 d5 8. Nxd4 Bc5 9. Nxc6 Qd7 10. Be3 Bxe3
11. Rxe3 bxc6 12. f3 d4 13. Rxe4+ Kd8 14. Rxd4
1-0

[Event "CHARITY TOURNIMENT"]
[Site "SchemingMind.com"]
[Date "2007.05.20"]
[Round "-"]
[White "doodledandy"]
[Black "agulla"]
[Result "1-0"]
[WhiteCountry "CAN"]
[BlackCountry "ESP"]
[WhiteElo "2469"]
[WhiteRD "80"]
[BlackElo "1686"]
[BlackRD "107"]
[GameID "105841"]

1. e4 c5 2. Nf3 d6 3. Bb5+ Nd7 4. d4 cxd4 5. Qxd4 a6 6. Bxd7+ Bxd7 7. Bg5 Nf6 8. Nc3 e6 9. O-O-O Qc7 10. e5 dxe5
11. Nxe5 Rd8 12. Qf4 Be7 13. Ne4 Rc8 14. c3 Rf8 15. Nxf6+ gxf6 16. Rxd7
1-0

[Event "CHARITY TOURNIMENT"]
[Site "SchemingMind.com"]
[Date "2007.05.21"]
[Round "-"]
[White "agulla"]
[Black "doodledandy"]
[Result "0-1"]
[WhiteCountry "ESP"]
[BlackCountry "CAN"]
[WhiteElo "1686"]
[WhiteRD "107"]
[BlackElo "2469"]
[BlackRD "80"]
[GameID "105850"]

1. e4 c5 2. Nf3 Nc6 3. d4 cxd4 4. Nxd4 Nf6 5. Nc3 d6 6. Be3 Ng4 7. Bg5 h6 8. Nxc6 bxc6 9. Bh4 g5 10. Bg3 Bg7
11. Na4 h5 12. f3 Qa5+ 13. c3 Ne3 14. Qb3 h4 15. Bf2 Nxf1 16. Rxf1 Ba6
0-1

[Event "CHARITY TOURNIMENT"]
[Site "SchemingMind.com"]
[Date "2007.06.20"]
[Round "-"]
[White "dvaldez"]
[Black "doodledandy"]
[Result "0-1"]
[WhiteCountry "CAN"]
[BlackCountry "CAN"]
[WhiteElo "1924"]
[WhiteRD "99"]
[BlackElo "2475"]
[BlackRD "86"]
[GameID "109910"]

1. e4 c5 2. Nf3 Nc6 3. d4 cxd4 4. Nxd4 Nf6 5. Nc3 d6 6. Bg5 e6 7. Qd2 a6 8. O-O-O h6 9. Be3 Be7 10. f3 Nxd4
11. Qxd4 b5 12. g4 Qa5 13. Qb6 Qxb6 14. Bxb6 Bb7 15. Bg2 Rc8 16. Rhe1 Nd7 17. Bf2 h5 18. h3 hxg4 19. fxg4 Bg5+ 20. Be3 Bxe3+
21. Rxe3 Ne5 22. b3 Ke7 23. Kb2 g5 24. Ne2 Rc7 25. c3 f5 26. gxf5 exf5 27. Nd4 Bxe4 28. Bxe4 fxe4 29. Nf5+ Ke6 30. Nd4+ Kf6
31. Rf1+ Kg6 32. Ne6 Re7 33. Nd4 Nd3+ 34. Kc2 Nf4 35. Rh1 Rh4 36. a4 bxa4 37. bxa4 g4 38. Nc6 Rc7 39. Rxe4 Kf5 40. hxg4+ Kxe4
41. Rxh4 Rxc6 42. g5 Kf5 43. g6 Nxg6 44. Rh5+ Kg4 45. Ra5 Nf4 46. Kb3 d5 47. Kb4 Kf5 48. Kb3 Ke4
0-1

[Event "CHARITY TOURNIMENT"]
[Site "SchemingMind.com"]
[Date "2007.06.21"]
[Round "-"]
[White "doodledandy"]
[Black "dvaldez"]
[Result "1-0"]
[WhiteCountry "CAN"]
[BlackCountry "CAN"]
[WhiteElo "2475"]
[WhiteRD "86"]
[BlackElo "1924"]
[BlackRD "99"]
[GameID "109922"]

1. e4 c5 2. Nf3 Nc6 3. d4 cxd4 4. Nxd4 Nf6 5. Nc3 e5 6. Ndb5 d6 7. Bg5 a6 8. Na3 b5 9. Bxf6 gxf6 10. Nd5 f5
11. c3 Bg7 12. exf5 Bxf5 13. Nc2 O-O 14. Nce3 Be6 15. Bd3 f5 16. Bc2 f4 17. Qh5 Rf7 18. Bxh7+ Kf8 19. Bf5 Qe8 20. Bxe6 Qxe6
21. Qg4 Qh6 22. Nb6 Rd8 23. Ned5 Ne7 24. Nxe7 Kxe7 25. Nd5+ Kf8 26. Rd1 Bf6 27. h4 Rg7 28. Qe6 Rf7 29. g4 f3 30. Rh3 e4
31. Kf1 a5 32. Re1 b4 33. Qxe4 bxc3 34. bxc3 Bxh4 35. Re3 Rb8 36. Rexf3 Rb7 37. Ne3 Re7 38. Rxf7+ Rxf7 39. Nf5 Qc1+ 40. Kg2 Bf6
41. Qa8+
1-0

[Event "CHARITY TOURNIMENT"]
[Site "SchemingMind.com"]
[Date "2007.08.01"]
[Round "-"]
[White "Miquel_Anguís"]
[Black "Katarrov"]
[Result "0-1"]
[WhiteCountry "ESP"]
[BlackCountry "ESP"]
[WhiteElo "1519"]
[WhiteRD "128"]
[BlackElo "2192"]
[BlackRD "93"]
[GameID "114223"]

1. d4 d5 2. e4 dxe4 3. Nc3 Nf6 4. f3 exf3 5. Nxf3 Bg4 6. h3 Bh5 7. g4 Bg6 8. Ne5 Nbd7 9. Qf3 c6 10. Bg5 Bxc2
11. Rh2 Bg6 12. Bc4 Nxe5
0-1

[Event "CHARITY TOURNIMENT"]
[Site "SchemingMind.com"]
[Date "2007.08.01"]
[Round "-"]
[White "Katarrov"]
[Black "Miquel_Anguís"]
[Result "1-0"]
[WhiteCountry "ESP"]
[BlackCountry "ESP"]
[WhiteElo "2192"]
[WhiteRD "93"]
[BlackElo "1519"]
[BlackRD "128"]
[GameID "114235"]

1. e4 d5 2. exd5 Qxd5 3. Nc3 Qd6 4. d4 a6 5. Nf3 Nf6 6. Be2 Nbd7 7. O-O e6 8. Bg5 Be7 9. Qd2 b5 10. Bf4 Qb6
11. a3 Bb7 12. Ne5 Nxe5 13. Bxe5
1-0

[Event "CHARITY TOURNIMENT"]
[Site "SchemingMind.com"]
[Date "2007.09.29"]
[Round "-"]
[White "Katarrov"]
[Black "Mariazb"]
[Result "1/2-1/2"]
[WhiteCountry "ESP"]
[BlackCountry "ARG"]
[WhiteElo "2215"]
[WhiteRD "103"]
[BlackElo "2394"]
[BlackRD "74"]
[GameID "122103"]

1. e4 c5 2. Nf3 d6 3. d4 cxd4 4. Nxd4 Nf6 5. Nc3 a6 6. Bg5 Nc6 7. Qd2 Bd7 8. O-O-O e6 9. f4 b5 10. Bxf6 gxf6
11. Kb1 Qb6 12. Nxc6 Bxc6 13. Qe1 Be7 14. Bd3 b4 15. Ne2 a5 16. f5 e5 17. Ng3 a4 18. Bc4 Rg8 19. Qe2 Rc8 20. Qh5 Rg7
21. Rd2 Bxe4 22. Nxe4 Rxc4 23. Qe2 Rc6 24. Rhd1 Qa6 25. Qxa6 Rxa6 26. g3 a3=
1/2-1/2

[Event "CHARITY TOURNIMENT"]
[Site "SchemingMind.com"]
[Date "2007.09.26"]
[Round "-"]
[White "Mariazb"]
[Black "Katarrov"]
[Result "1/2-1/2"]
[WhiteCountry "ARG"]
[BlackCountry "ESP"]
[WhiteElo "2380"]
[WhiteRD "68"]
[BlackElo "2228"]
[BlackRD "105"]
[GameID "122107"]

1. b3 e5 2. Bb2 Nc6 3. c4 Nf6 4. e3 d5 5. Nc3 d4 6. Na4 Bf5 7. Nf3 Qe7 8. exd4 exd4+ 9. Qe2 O-O-O 10. Qxe7 Bxe7
11. Be2 d3 12. Bd1 Ne4 13. Kf1 f6 14. Nc3 h5 15. Nxe4 Bxe4 16. a3 a5 17. h4 Bc5 18. Rh3 Rhf8 19. Rg3 g6 20. Ne1 Bf5
21. Bc3 Kb8 22. Rf3 Rfe8 23. Bxf6 Rd6 24. Bc3 Rde6 25. Re3 Bxe3 26. fxe3 b6 27. Bf3 Be4 28. Bxe4 Rxe4 29. Nxd3 Rf8+ 30. Kg1 Kb7
31. a4 Rf5 32. Nf4 Nd8 33. g3 Re8 34. Kg2 Ne6 35. Nxg6 Nc5 36. Re1=
1/2-1/2

[Event "CHARITY TOURNIMENT"]
[Site "SchemingMind.com"]
[Date "2007.10.01"]
[Round "-"]
[White "Madocillo"]
[Black "doodledandy"]
[Result "1/2-1/2"]
[WhiteCountry "GER"]
[BlackCountry "CAN"]
[WhiteElo "2161"]
[WhiteRD "166"]
[BlackElo "2474"]
[BlackRD "90"]
[GameID "122547"]

1. e4 c5 2. Nf3 Nc6 3. Nc3 d6 4. d4 cxd4 5. Nxd4 e6 6. Be2 Nf6 7. O-O Be7 8. f4 O-O 9. Be3 Bd7 10. Nb3 a6
11. a4 b6 12. g4 Bc8 13. Rf2 h6 14. h4 d5 15. e5 Ne4 16. Nxe4 dxe4 17. g5 Nb4 18. Bf1 Qxd1 19. Rxd1 Nd5 20. Bc1 e3
21. Rh2 hxg5 22. hxg5 Bb7 23. Bd3 g6 24. Rf1 Nb4 25. Bxe3 Nxd3 26. cxd3 Rfd8 27. Nc1 b5 28. a5 Rac8 29. Bb6 Bc5+ 30. Bxc5 Rxc5
31. Nb3 Rcc8 32. d4 Bd5 33. Nc5 Ba8 34. Nb3 Bd5 35. Nc5 Ba8=
1/2-1/2

[Event "CHARITY TOURNIMENT"]
[Site "SchemingMind.com"]
[Date "2007.10.01"]
[Round "-"]
[White "doodledandy"]
[Black "Madocillo"]
[Result "1/2-1/2"]
[WhiteCountry "CAN"]
[BlackCountry "GER"]
[WhiteElo "2455"]
[WhiteRD "94"]
[BlackElo "2209"]
[BlackRD "163"]
[GameID "122552"]

1. e4 c5 2. Nf3 e6 3. d4 cxd4 4. Nxd4 Nc6 5. Nc3 a6 6. Nxc6 bxc6 7. Qd4 d5 8. exd5 cxd5 9. Bf4 Nf6 10. Bd3 Bd6
11. O-O-O Rb8 12. Bg3 O-O 13. a3 Re8 14. Rde1 Re7 15. Re3 Reb7 16. Nd1 Qb6 17. Qxb6 Rxb6 18. Re2 Bd7 19. Bxd6 Rxd6 20. c3 Bb5
21. Bxb5 Rxb5 22. Ne3 a5 23. Rd1 Kf8 24. b4 Rc6 25. Kb2 Ne4 26. c4 dxc4 27. Nc2 axb4 28. Rxe4 bxa3+ 29. Ka1 Rb2 30. Rc1 Ke7
31. Re3 c3 32. Nd4 Rc4 33. Ne2 f5 34. Nxc3 Kf7 35. Rf1 g5 36. g3 h5 37. h3 Rb3 38. Rc1 f4 39. gxf4 gxf4 40. Rd3 e5
41. f3 Rd4 42. Rxd4 exd4 43. Ne4 Re3 44. h4 d3 45. Nd2 Ke6 46. Ka2 Re2 47. Rd1 Kd5 48. Kxa3 Kd4 49. Kb2 Ke3 50. Kc3 Rf2
51. Nc4+ Kxf3 52. Kxd3 Kg3 53. Rh1 Rh2 54. Rxh2 Kxh2 55. Ke4=
1/2-1/2

[Event "CHARITY TOURNIMENT"]
[Site "SchemingMind.com"]
[Date "2008.01.28"]
[Round "-"]
[White "Mariazb"]
[Black "Madocillo"]
[Result "1-0"]
[WhiteCountry "ARG"]
[BlackCountry "GER"]
[WhiteElo "2369"]
[WhiteRD "75"]
[BlackElo "2168"]
[BlackRD "140"]
[GameID "138596"]

1. d4 d5 2. Nf3 Nc6 3. c4 e5 4. Nxe5 Nxe5 5. dxe5 d4 6. e4 Ne7 7. f4 Nc6 8. Bd3 Qh4+ 9. g3 Qh3 10. Bf1 Qg4
11. Nd2 Qxd1+ 12. Kxd1 Be7 13. Be2 Bh3 14. a3 O-O-O 15. Kc2 g5 16. Kd3 Rhg8 17. Nf3 Kb8 18. b4 gxf4 19. gxf4 Bg2 20. Re1 Bxb4
21. axb4 Nxb4+ 22. Kd2 d3 23. Bd1
1-0

[Event "CHARITY TOURNIMENT"]
[Site "SchemingMind.com"]
[Date "2008.01.28"]
[Round "-"]
[White "Madocillo"]
[Black "Mariazb"]
[Result "1/2-1/2"]
[WhiteCountry "GER"]
[BlackCountry "ARG"]
[WhiteElo "2168"]
[WhiteRD "140"]
[BlackElo "2369"]
[BlackRD "75"]
[GameID "138605"]

1. e4 c5 2. Nf3 Nc6 3. Nc3 d6 4. Bc4 f6 5. d4 e5 6. dxe5 dxe5 7. Qxd8+ Kxd8 8. Be3 Nd4 9. O-O-O Bd7 10. Nd5 b5
11. Bf1 Ne7 12. Nxe7 Bxe7 13. Ne1 Rc8 14. c3 a6 15. a4 Nb3+ 16. Kc2 c4 17. g3 Rc6 18. axb5 axb5 19. Bh3 Rd6 20. Rxd6 Bxd6
21. Bxd7 Kxd7 22. Nd3 Ra8 23. Nb4 Nd4+ 24. cxd4 Bxb4 25. dxe5 fxe5 26. Rd1+ Kc6 27. Rd5 Bd6 28. Kc3 h6=
1/2-1/2